Loading...
History - Other History | 0 | 4 | 0 | 0 | 40 | 39 | 63.75 | 2 | 2 |
History - European History | 0 | 4 | 1 | 2 | 35 | 59 | 103.00 | 0 | 2 |
Mythology | 0 | 4 | 1 | 0 | 35 | 30 | 57.00 | 1 | 4 |
Religion | 0 | 3 | 0 | 0 | 30 | 33 | 64.00 | 2 | 3 |
Social Science | 0 | 2 | 0 | 0 | 20 | 61 | 62.50 | 0 | 2 |
Literature - European Literature | 0 | 2 | 0 | 1 | 20 | 104 | 119.00 | 0 | 0 |
Literature - World/Other Literature | 0 | 2 | 0 | 1 | 20 | 105 | 126.50 | 0 | 0 |
Pop Culture | 0 | 2 | 0 | 0 | 20 | 82 | 83.50 | 0 | 1 |
Science - Physics | 0 | 2 | 0 | 0 | 20 | 75 | 93.00 | 0 | 1 |
History - World History | 0 | 2 | 1 | 0 | 15 | 49 | 72.50 | 0 | 2 |
Science - Chemistry | 0 | 1 | 0 | 0 | 10 | 86 | 86.00 | 0 | 0 |
Other Academic | 0 | 1 | 0 | 0 | 10 | 93 | 93.00 | 0 | 1 |
Literature - British Literature | 0 | 1 | 0 | 0 | 10 | 90 | 90.00 | 0 | 1 |
Fine Arts - Classical Music | 0 | 1 | 0 | 0 | 10 | 114 | 114.00 | 0 | 0 |
Literature - American Literature | 0 | 1 | 0 | 0 | 10 | 67 | 67.00 | 0 | 1 |
Fine Arts - Visual Fine Arts | 0 | 1 | 1 | 0 | 5 | 90 | 90.00 | 0 | 0 |
Geography/Current Events | 0 | 1 | 2 | 0 | 0 | 91 | 91.00 | 0 | 0 |
History - American History | 0 | 0 | 1 | 0 | -5 | 0.00 | 0 | 0 | |
Philosophy | 0 | 0 | 1 | 0 | -5 | 0.00 | 0 | 0 |